00801nam a2200217 a 450000100100000000500170001000800410002702000150006804000250008308200150010810000350012324500950015826000320025330000360028549000200032150000580034159000270039983000270042695201130045399900170056600004144820201002034910.0131007s1983 mx a 000 0 spa d a9682414806 aDO-SdBNPbspacBNPHU axxxxbxxxx1 aTorre, Francisco, de la96811710aAdministración hotelera :bsegundo curso : alimentos y bebidas /cFrancisco de la Torre. aMéxico :bTrillas,c1983. a243 p. :bil., retrs. ;c25 cm.1 aTrillas turismo aLa biblioteca posee el primera reimpresión del 1984 aInventariado, 2019 /LP 0aTrillas turismo968118 001050718MOaGRbGRcHDd2013-10-07iLF1l0oxxxx xxxxp41448-10r2020-06-25w2020-06-25y1ZNo se presta c40938d40938